000 00521nam a2200193Ia 4500
008 220214s9999 xx 000 0 und d
100 _aReis Edson Lopes
245 0 _aEffect of lime and NPK fertilizers on rubber yield in Southern Bahia, Brazil
260 _bRevista Theobroma
_c1984
300 _a33-44
650 _aAdubacao mineral
650 _aCalagem
650 _aHevea
650 _aPalavras-chave
650 _aSolo
700 _aCabala_Rosand ePercy
700 _ade Santana Charles JL
942 _cRE
999 _c45698
_d45698